000 00999cam a2200289 a 4500
001 28495
003 BD-RjUL
005 20211209051306.0
008 140330t1983 wiuabc b s001 0 eng d
020 _a0299094707 :
035 _a(BD-RjUL)28576
040 _aDLC
_cDLC
_dDLC
_dBD-RjUL
_beng
041 _aeng
082 0 0 _a306.095982
_219
_bTAS 1983
100 1 _aTaylor, Jean Gelman,
_d1944-
_987261
245 1 4 _aThe social world of Batavia :
_bEuropean and Eurasian in Dutch Asia /
_cJean Gelman Taylor.
260 _aMadison, Wis. :
_bUniversity of Wisconsin Press,
_c1983.
300 _axxii, 249 p. :
_bill. ;
_c24 cm.
500 _aIncludes index.
504 _aincludes Bibliographical reference and index.
650 0 _aElite (Social sciences)
_zIndonesia
_zJakarta
_xHistory.
_987262
651 0 _aJakarta (Indonesia)
_xSocial conditions.
_987263
651 0 _aNetherlands
_xColonies
_zAsia
_xHistory.
_987264
942 _2ddc
_cBK
999 _c28495
_d28495